000 00615nam a2200241Ia 4500
003 OSt
005 20220924143529.0
006 a|||||r|||| 00| 0
007 ta
008 220923b |||||||| |||| 00| 0 urd d
024 _a308769
037 _cTextual
040 _aARTS
_cARTS
_burd
041 _2urd
_aurd
082 _aO13,1:g, 168H1
100 _aArastu
_9216151
245 0 _aFun - e - shairi
260 _c1941
650 _aGREEK LITERATURE
700 _a Azeez Ahmad Tr.
_9216152
942 _hO13,1:g, 168H1
_cTEXL
_2CC
999 _c454852
_d454852